[Event "47th GRE-chT 2019"]
[Site "Patra"]
[Date "2019.07.02"]
[Round "1.14"]
[White "Zervos, Lazaros"]
[Black "Kymionis, Konstantinos"]
[Result "1-0"]
[WhiteElo "2055"]
[BlackElo "2091"]
[Annotator "NA"]
[PlyCount "77"]
[EventDate "2019.07.02"]
[EventCountry "GRE"]
[SourceTitle "playchess.com"]
[Source "ChessBase"]
[SourceQuality "1"]
[TimeControl "5400+30"]

1. d4 {[%emt 0:04:36]} Nf6 {[%emt 0:00:00]} 2. Nf3 {[%emt 0:01:04]} e6 {[%emt 0:02:54]} 3. c4 {[%emt 0:02:37]} Bb4+ {[%emt 0:00:58]} 4. Nbd2 {[%emt 0:07:26]} b6 {[%emt 0:00:21]} 5. e3 {[%emt 0:05:07]} Bb7 {[%emt 0:01:02]} 6. Bd3 {[%emt 0:02:55]} Ne4 {[%emt 0:11:10]} 7. O-O {[%emt 0:06:05]} f5 {[%emt 0:05:23]} 8. Qc2 {[%emt 0:13:45]} Nxd2 {[%emt 0:05:38]} 9. Nxd2 {[%emt 0:00:54]} Qh4 {[%emt 0:02:18]} 10. d5 {[%emt 0:20:48]} Bd6 {[%emt 0:25:20]} 11. f4 {[%emt 0:09:31]} O-O {[%emt 0:06:30]} 12. Nf3 {[%emt 0:03:06]} Qh5 {[%emt 0:02:13]} 13. Nd4 {[%emt 0:10:57]} Qf7 14. Bd2 {[%emt 0:02:11]} Na6 {[%emt 0:01:25]} 15. Nb5 {[%emt 0:03:18]} exd5 {[%emt 0:01:07]} 16. cxd5 {[%emt 0:02:16]} Nc5 {[%emt 0:00:25]} 17. Nc3 {[%emt 0:00:40]} Kh8 {[%emt 0:03:27]} 18. Bc4 {[%emt 0:00:47]} Rae8 {[%emt 0:03:53]} 19. Rad1 {[%emt 0:00:37]} a6 {[%emt 0:01:30]} 20. a3 {[%emt 0:00:44]} Re7 {[%emt 0:01:36]} 21. Rf3 {[%emt 0:00:33]} Rfe8 {[%emt 0:00:54]} 22. Rg3 {[%emt 0:00:29]} b5 {[%emt 0:13:48]} 23. Ba2 {[%emt 0:00:06]} Qf8 24. b4 {[%emt 0:00:22]} Ne4 {[%emt 0:02:49]} 25. Nxe4 {[%emt 0:00:05]} Rxe4 {[%emt 0:00:10]} 26. Bc3 {[%emt 0:00:55]} R8e7 {[%emt 0:01:10]} 27. Qd2 {[%emt 0:00:37]} Rf7 {[%emt 0:02:42]} 28. Bd4 {[%emt 0:00:54]} Qe8 {[%emt 0:02:56]} 29. Qc3 {[%emt 0:00:21]} Ree7 {[%emt 0:01:19]} 30. Rf1 {[%emt 0:00:35]} Kg8 {[%emt 0:00:48]} 31. Rff3 {[%emt 0:00:33]} g6 {[%emt 0:01:13]} 32. h4 {[%emt 0:00:23]} Re4 {[%emt 0:00:19]} 33. h5 {[%emt 0:00:11]} Rfe7 {[%emt 0:00:07]} 34. hxg6 {[%emt 0:00:22]} hxg6 {[%emt 0:00:04]} 35. Rh3 {[%emt 0:00:11]} Rxd4 {[%emt 0:00:27]} 36. Qxd4 {[%emt 0:00:06]} Rg7 {[%emt 0:00:04]} 37. Rh6 {[%emt 0:00:47]} Kf7 {[%emt 0:00:29]} 38. Rfh3 {[%emt 0:00:23]} Qg8 {[%emt 0:00:22]} 39. Rh8 {[%emt 0:00:09]} 1-0

[Event "47th GRE-chT 2019"]
[Site "Patra"]
[Date "2019.07.02"]
[Round "1.15"]
[White "Makropoulou, Marina"]
[Black "Zawadzka, Jolanta"]
[Result "0-1"]
[WhiteElo "2182"]
[BlackElo "2422"]
[Annotator "RC"]
[PlyCount "136"]
[EventDate "2019.07.02"]
[EventCountry "GRE"]
[SourceTitle "playchess.com"]
[Source "ChessBase"]
[SourceQuality "1"]
[TimeControl "5400+30"]

1. e4 {[%emt 0:00:00]} e5 {[%emt 0:00:00]} 2. Nf3 {[%emt 0:00:06]} Nc6 {[%emt 0:00:00]} 3. Bb5 {[%emt 0:00:20]} Nf6 {[%emt 0:00:32]} 4. d3 {[%emt 0:00:47]} d6 {[%emt 0:00:27]} 5. c3 {[%emt 0:06:12]} g6 {[%emt 0:00:52]} 6. O-O {[%emt 0:07:16]} Bg7 {[%emt 0:01:12]} 7. a4 {[%emt 0:01:14]} O-O {[%emt 0:02:11]} 8. a5 {[%emt 0:01:56]} Nxa5 {[%emt 0:10:12]} 9. Rxa5 {[%emt 0:17:42]} c6 {[%emt 0:00:13]} 10. Qa4 {[%emt 0:02:25]} cxb5 {[%emt 0:04:15]} 11. Qxb5 {[%emt 0:00:11]} a6 {[%emt 0:06:28]} 12. Qb4 {[%emt 0:00:13]} Bg4 {[%emt 0:13:48]} 13. Nbd2 {[%emt 0:02:23]} Nh5 {[%emt 0:02:25]} 14. h3 {[%emt 0:02:20]} Be6 {[%emt 0:00:55]} 15. Nc4 {[%emt 0:02:09]} b5 {[%emt 0:15:35]} 16. Nxd6 {[%emt 0:02:45]} Qd7 {[%emt 0:02:13]} 17. d4 {[%emt 0:05:25]} exd4 {[%emt 0:02:47]} 18. cxd4 {[%emt 0:01:51]} Rfd8 {[%emt 0:01:06]} 19. e5 {[%emt 0:03:14]} Bf8 {[%emt 0:00:55]} 20. Be3 {[%emt 0:04:41]} Bd5 {[%emt 0:07:24]} 21. Nd2 {[%emt 0:00:23]} Bxd6 {[%emt 0:02:20]} 22. exd6 {[%emt 0:00:06]} Qc6 {[%emt 0:02:16]} 23. Qc5 {[%emt 0:09:02]} Bxg2 {[%emt 0:06:31]} 24. Rfa1 {[%emt 0:03:36]} Qb7 {[%emt 0:01:57]} 25. Qc7 {[%emt 0:18:23]} Qd5 {[%emt 0:05:21]} 26. Rxa6 {[%emt 0:03:03]} Bxh3 {[%emt 0:00:48]} 27. f3 {[%emt 0:00:18]} Rac8 {[%emt 0:00:44]} 28. Qe7 {[%emt 0:00:11]} Be6 {[%emt 0:06:38]} 29. Qg5 {[%emt 0:01:42]} Rxd6 {[%emt 0:01:27]} 30. Qxd5 {[%emt 0:01:15]} Rxd5 {[%emt 0:00:05]} 31. Ne4 {[%emt 0:00:56]} Kg7 {[%emt 0:02:30]} 32. Rb6 {[%emt 0:02:12]} Rc2 {[%emt 0:00:48]} 33. Nd6 {[%emt 0:01:17]} Bh3 {[%emt 0:00:47]} 34. Ne4 {[%emt 0:00:53]} Rg2+ {[%emt 0:00:31]} 35. Kh1 {[%emt 0:00:08]} Rxb2 {[%emt 0:00:17]} 36. Nf2 {[%emt 0:00:43]} Bf5 {[%emt 0:00:24]} 37. Rc1 {[%emt 0:00:38]} Be6 {[%emt 0:00:52]} 38. Rc7 {[%emt 0:00:21]} Rd7 {[%emt 0:00:31]} 39. Rxd7 {[%emt 0:00:40]} Bxd7 {[%emt 0:00:03]} 40. Ne4 {[%emt 0:00:00]} Bf5 {[%emt 0:00:00]} 41. Nd6 {[%emt 0:00:00]} Bh3 {[%emt 0:00:00]} 42. Ne4 {[%emt 0:00:00]} Bg2+ {[%emt 0:00:00]} 43. Kg1 {[%emt 0:00:00]} Bxf3 {[%emt 0:00:00]} 44. Nd2 {[%emt 0:00:00]} Bg4 {[%emt 0:00:00]} 45. d5 {[%emt 0:00:00]} Rb4 {[%emt 0:00:00]} 46. Bc5 {[%emt 0:00:00]} Rf4 {[%emt 0:00:00]} 47. Rxb5 {[%emt 0:00:00]} Nf6 {[%emt 0:00:00]} 48. Be3 {[%emt 0:00:00]} Rf5 {[%emt 0:00:00]} 49. Bd4 {[%emt 0:00:00]} Kh6 {[%emt 0:00:00]} 50. Bxf6 {[%emt 0:00:00]} Rxf6 {[%emt 0:00:00]} 51. Rb4 {[%emt 0:00:23]} Bf5 {[%emt 0:00:00]} 52. Rd4 {[%emt 0:01:09]} Rd6 {[%emt 0:00:00]} 53. Nc4 {[%emt 0:00:10]} Rd8 {[%emt 0:00:00]} 54. Ne5 {[%emt 0:02:09]} Kg7 {[%emt 0:00:00]} 55. d6 {[%emt 0:00:47]} Kf6 {[%emt 0:00:13]} 56. Nc6 {[%emt 0:01:23]} Rc8 {[%emt 0:00:56]} 57. Nb4 {[%emt 0:00:03]} Bd7 {[%emt 0:02:48]} 58. Kf2 {[%emt 0:00:26]} Ke5 {[%emt 0:01:23]} 59. Rd5+ {[%emt 0:00:42]} Ke6 {[%emt 0:00:20]} 60. Rd2 {[%emt 0:00:20]} h5 {[%emt 0:01:19]} 61. Na6 {[%emt 0:00:20]} Rc6 {[%emt 0:01:00]} 62. Nc7+ {[%emt 0:00:09]} Ke5 {[%emt 0:00:14]} 63. Rd5+ {[%emt 0:00:10]} Ke4 {[%emt 0:00:34]} 64. Rd2 {[%emt 0:00:25]} h4 {[%emt 0:01:15]} 65. Re2+ {[%emt 0:01:03]} Kf5 {[%emt 0:01:03]} 66. Re7 {[%emt 0:00:18]} Rxd6 {[%emt 0:00:29]} 67. Rxf7+ {[%emt 0:00:23]} Kg4 {[%emt 0:00:17]} 68. Ke3 {[%emt 0:01:10]} g5 {[%emt 0:01:07] Kd4} 0-1

[Event "47th GRE-chT 2019"]
[Site "Patra"]
[Date "2019.07.02"]
[Round "1.15"]
[White "Makka, Ioulia"]
[Black "Kiolbasa, Oliwia"]
[Result "1/2-1/2"]
[WhiteElo "2026"]
[BlackElo "2239"]
[Annotator "RC"]
[PlyCount "106"]
[EventDate "2019.07.02"]
[EventCountry "GRE"]
[SourceTitle "playchess.com"]
[Source "ChessBase"]
[SourceQuality "1"]
[TimeControl "5400+30"]

1. e4 {[%emt 0:00:00]} e5 {[%emt 0:00:00]} 2. Nf3 {[%emt 0:00:02]} Nc6 {[%emt 0:00:00]} 3. Bc4 {[%emt 0:00:14]} Bc5 {[%emt 0:00:13]} 4. O-O {[%emt 0:02:26]} Nf6 {[%emt 0:00:22]} 5. d3 {[%emt 0:02:01]} O-O {[%emt 0:00:14]} 6. a4 {[%emt 0:04:31]} d5 {[%emt 0:08:37]} 7. exd5 {[%emt 0:02:47]} Nxd5 {[%emt 0:00:07]} 8. Ng5 {[%emt 0:16:44]} h6 {[%emt 0:12:33]} 9. Ne4 {[%emt 0:02:21]} Be7 {[%emt 0:00:09]} 10. Nbc3 {[%emt 0:10:54]} Nb6 {[%emt 0:15:46]} 11. Ba2 {[%emt 0:02:09]} Nd4 {[%emt 0:10:47]} 12. a5 {[%emt 0:02:13]} Nd7 {[%emt 0:00:06]} 13. Nd5 {[%emt 0:01:57]} Nc5 {[%emt 0:08:51]} 14. Nxe7+ {[%emt 0:16:09]} Qxe7 {[%emt 0:00:09]} 15. Nxc5 {[%emt 0:04:09]} Qxc5 {[%emt 0:00:07]} 16. c3 {[%emt 0:00:59]} Nf5 {[%emt 0:02:05]} 17. Qf3 {[%emt 0:05:12]} Qd6 {[%emt 0:10:46]} 18. a6 {[%emt 0:03:41]} Rb8 {[%emt 0:01:07]} 19. axb7 {[%emt 0:01:03]} Bd7 {[%emt 0:00:10]} 20. Qd5 {[%emt 0:03:56]} Bc6 {[%emt 0:08:22]} 21. Qxd6 {[%emt 0:00:49]} Nxd6 {[%emt 0:02:09]} 22. Be3 {[%emt 0:01:57]} Rxb7 {[%emt 0:00:06]} 23. b4 {[%emt 0:00:41]} Rd8 {[%emt 0:00:37]} 24. Bb1 {[%emt 0:04:55]} Nb5 {[%emt 0:09:43]} 25. Rc1 {[%emt 0:00:35]} e4 {[%emt 0:00:04]} 26. d4 {[%emt 0:01:01]} Nd6 {[%emt 0:03:37]} 27. Ba2 {[%emt 0:01:51]} Bb5 {[%emt 0:01:12]} 28. c4 {[%emt 0:01:28]} Be8 {[%emt 0:00:09]} 29. b5 {[%emt 0:02:34]} Nf5 {[%emt 0:01:20]} 30. d5 {[%emt 0:02:05]} Nxe3 {[%emt 0:01:28]} 31. fxe3 {[%emt 0:00:02]} a6 {[%emt 0:00:44]} 32. bxa6 {[%emt 0:00:20]} Ra7 {[%emt 0:00:02]} 33. Bb1 {[%emt 0:00:51]} f5 {[%emt 0:00:24]} 34. Rf1 {[%emt 0:00:37]} Bg6 {[%emt 0:01:04]} 35. Rf2 {[%emt 0:01:01]} Rd6 {[%emt 0:00:23]} 36. Rfa2 {[%emt 0:00:26]} c6 {[%emt 0:00:49]} 37. dxc6 {[%emt 0:01:33]} Rxc6 {[%emt 0:00:04]} 38. Bc2 {[%emt 0:01:01]} Bf7 {[%emt 0:00:51]} 39. Bb3 {[%emt 0:01:08]} Rb6 {[%emt 0:01:17]} 40. Ra3 {[%emt 0:00:00]} g6 {[%emt 0:00:00]} 41. Kf2 {[%emt 0:00:00]} Kf8 {[%emt 0:00:00]} 42. h4 {[%emt 0:00:00]} Be6 {[%emt 0:00:00]} 43. Kg3 {[%emt 0:00:00]} Ke7 {[%emt 0:00:00]} 44. Kf2 {[%emt 0:00:00]} Bc8 {[%emt 0:00:00]} 45. Ke1 {[%emt 0:00:00]} Kd6 {[%emt 0:00:00]} 46. c5+ {[%emt 0:00:00]} Kxc5 {[%emt 0:00:00]} 47. Rc1+ {[%emt 0:00:00]} Kb4 {[%emt 0:00:00]} 48. Raa1 {[%emt 0:00:00]} Bd7 {[%emt 0:03:22]} 49. Bd1 {[%emt 0:02:21]} Raxa6 {[%emt 0:01:33]} 50. Rab1+ {[%emt 0:01:42]} Ka3 {[%emt 0:01:11]} 51. Ra1+ {[%emt 0:00:35]} Kb4 {[%emt 0:00:12]} 52. Rab1+ {[%emt 0:00:24]} Ka3 {[%emt 0:00:06]} 53. Ra1+ {[%emt 0:00:32]} Kb4 {[%emt 0:00:05]} 1/2-1/2

[Event "47th GRE-chT 2019"]
[Site "Patra"]
[Date "2019.07.02"]
[Round "1.16"]
[White "Pasoglou, Ekaterini"]
[Black "Louka, Marianthi"]
[Result "1-0"]
[WhiteElo "1804"]
[BlackElo "1456"]
[Annotator "NA"]
[PlyCount "69"]
[EventDate "2019.07.02"]
[EventCountry "GRE"]
[SourceTitle "playchess.com"]
[Source "ChessBase"]
[SourceQuality "1"]
[TimeControl "5400+30"]

1. d4 {[%emt 0:00:00]} Nf6 {[%emt 0:00:00]} 2. Nf3 {[%emt 0:00:00]} e6 {[%emt 0:00:00]} 3. e3 {[%emt 0:00:35]} d5 {[%emt 0:00:00]} 4. Bd3 {[%emt 0:00:26]} c5 {[%emt 0:00:00]} 5. b3 {[%emt 0:00:26]} Bd6 {[%emt 0:00:23]} 6. Bb2 {[%emt 0:00:33]} O-O {[%emt 0:01:00]} 7. Nbd2 {[%emt 0:03:15]} b6 {[%emt 0:00:17]} 8. O-O {[%emt 0:00:18]} Bb7 {[%emt 0:10:27]} 9. c4 {[%emt 0:08:58]} cxd4 {[%emt 0:00:54]} 10. exd4 {[%emt 0:06:49]} Nc6 {[%emt 0:15:43]} 11. a3 {[%emt 0:14:23]} a5 {[%emt 0:27:52]} 12. Qe2 {[%emt 0:24:02]} Bc7 {[%emt 0:06:19]} 13. Rac1 {[%emt 0:08:06]} dxc4 {[%emt 0:00:59]} 14. bxc4 {[%emt 0:01:01]} Ne7 {[%emt 0:04:12]} 15. Ne5 {[%emt 0:04:58]} Ng6 {[%emt 0:14:54]} 16. f4 {[%emt 0:04:15]} Nh4 {[%emt 0:07:35]} 17. g3 {[%emt 0:02:52]} Nf5 {[%emt 0:01:01]} 18. Ndf3 {[%emt 0:09:08]} h5 {[%emt 0:03:02]} 19. Rfd1 {[%emt 0:01:09]} Nh6 {[%emt 0:00:42]} 20. Ng5 {[%emt 0:04:50]} Nfg4 {[%emt 0:01:54]} 21. h3 {[%emt 0:01:05]} Nxe5 {[%emt 0:00:05]} 22. dxe5 {[%emt 0:00:14]} Qe7 {[%emt 0:01:54]} 23. Bh7+ {[%emt 0:00:06]} Kh8 {[%emt 0:00:26]} 24. Qxh5 {[%emt 0:00:07]} Qc5+ {[%emt 0:00:15]} 25. Bd4 {[%emt 0:00:05]} Qxa3 {[%emt 0:00:52]} 26. Rc3 {[%emt 0:01:33]} Qb2 {[%emt 0:00:36]} 27. Be4 {[%emt 0:02:30]} Bxe4 {[%emt 0:00:04]} 28. Nxe4 {[%emt 0:00:20]} Rad8 {[%emt 0:00:34]} 29. Rcd3 {[%emt 0:01:03]} Qb4 {[%emt 0:00:07]} 30. g4 {[%emt 0:00:40]} Kg8 {[%emt 0:01:49]} 31. f5 {[%emt 0:01:01]} Rxd4 {[%emt 0:00:21]} 32. Rxd4 {[%emt 0:00:03]} Bxe5 {[%emt 0:00:28]} 33. Rd8 {[%emt 0:01:03]} Qb2 {[%emt 0:00:26]} 34. R8d2 {[%emt 0:00:15]} Qb4 {[%emt 0:00:13]} 35. f6 {[%emt 0:01:21]} 1-0

[Event "47th GRE-chT 2019"]
[Site "Patra"]
[Date "2019.07.02"]
[Round "1.16"]
[White "Spiliopoulou, Maria-Konstantina"]
[Black "Apostolidou, Eleni"]
[Result "0-1"]
[WhiteElo "1105"]
[BlackElo "1340"]
[Annotator "NA"]
[PlyCount "68"]
[EventDate "2019.07.02"]
[EventCountry "GRE"]
[SourceTitle "playchess.com"]
[Source "ChessBase"]
[SourceQuality "1"]
[TimeControl "5400+30"]

1. e4 e5 2. Nf3 Nc6 3. Bb5 a6 4. Bxc6 dxc6 5. d4 exd4 6. Qxd4 Qxd4 7. Nxd4 Bd7 8. Be3 O-O-O 9. Nd2 Bd6 10. h3 Re8 11. f4 f6 12. O-O-O Nh6 13. Rde1 c5 14. N4b3 b6 15. Rhf1 Bc6 16. Bg1 Re6 17. Bh2 Rhe8 18. f5 Nxf5 19. Rxf5 Bxh2 20. Rf3 Bd6 21. Rfe3 f5 22. e5 Rxe5 23. Nc4 Rxe3 24. Rxe3 Bf4 25. Kd2 Bxe3+ 26. Nxe3 f4 27. Nf5 g6 28. Nh4 g5 29. Nf5 Bxg2 30. h4 gxh4 31. Nxh4 f3 32. Nxf3 Bxf3 33. Kc1 h5 34. Nd2 Re1# 0-1

[Event "47th GRE-chT 2019"]
[Site "Patra"]
[Date "2019.07.02"]
[Round "1.17"]
[White "Daniilidi, Dimitra Lydia"]
[Black "Strati, Betty - Anna"]
[Result "1/2-1/2"]
[WhiteElo "1299"]
[BlackElo "1710"]
[Annotator "NA"]
[PlyCount "80"]
[EventDate "2019.07.02"]
[EventCountry "GRE"]
[SourceTitle "playchess.com"]
[Source "ChessBase"]
[SourceQuality "1"]
[TimeControl "5400+30"]

1. e4 {[%emt 0:00:00]} e6 {[%emt 0:00:00]} 2. d4 {[%emt 0:00:00]} d5 {[%emt 0:00:00]} 3. exd5 {[%emt 0:00:00]} exd5 {[%emt 0:00:00]} 4. Bd3 {[%emt 0:00:00]} Bd6 {[%emt 0:00:04]} 5. Nf3 {[%emt 0:00:15]} Ne7 {[%emt 0:00:41]} 6. Nbd2 {[%emt 0:00:54]} O-O {[%emt 0:01:20]} 7. O-O {[%emt 0:01:32]} Bf5 {[%emt 0:01:45]} 8. Bxf5 {[%emt 0:01:53]} Nxf5 {[%emt 0:00:10]} 9. Re1 {[%emt 0:01:31]} Nd7 {[%emt 0:13:28]} 10. Nf1 {[%emt 0:02:02]} Nf6 {[%emt 0:06:24]} 11. Qd3 {[%emt 0:09:36]} Qc8 {[%emt 0:14:59]} 12. Ng3 {[%emt 0:03:46]} Nxg3 {[%emt 0:07:12]} 13. hxg3 {[%emt 0:00:11]} Re8 {[%emt 0:06:33]} 14. Ne5 {[%emt 0:10:06]} Ne4 {[%emt 0:05:22]} 15. Qb3 {[%emt 0:29:15]} c6 {[%emt 0:08:50]} 16. Rxe4 {[%emt 0:13:08]} f6 {[%emt 0:08:02]} 17. Bf4 {[%emt 0:06:31]} fxe5 {[%emt 0:06:20]} 18. Bxe5 {[%emt 0:02:32]} Qe6 {[%emt 0:06:17]} 19. Qxb7 {[%emt 0:01:11]} Qg6 {[%emt 0:03:41]} 20. Re2 {[%emt 0:05:07]} Bxe5 {[%emt 0:02:04]} 21. Rxe5 {[%emt 0:01:01]} Reb8 {[%emt 0:03:17]} 22. Qd7 {[%emt 0:01:35]} Rxb2 {[%emt 0:02:05]} 23. Re6 {[%emt 0:01:17]} Qf7 {[%emt 0:01:35]} 24. Qxf7+ {[%emt 0:00:28]} Kxf7 {[%emt 0:00:06]} 25. Rxc6 {[%emt 0:00:04]} Re8 {[%emt 0:01:07]} 26. Kf1 {[%emt 0:01:54]} Re4 {[%emt 0:00:58]} 27. Rc7+ {[%emt 0:01:06]} Kf6 {[%emt 0:00:29]} 28. Rxa7 {[%emt 0:00:12]} Rxc2 {[%emt 0:00:07]} 29. Re1 {[%emt 0:01:44]} Rxd4 {[%emt 0:00:20]} 30. Rae7 {[%emt 0:02:58]} Rxa2 {[%emt 0:00:19]} 31. R1e6+ {[%emt 0:00:20]} Kf5 {[%emt 0:00:29]} 32. Re5+ {[%emt 0:00:29]} Kf6 {[%emt 0:00:33]} 33. R5e6+ {[%emt 0:00:17]} Kf5 {[%emt 0:00:24]} 34. Re5+ {[%emt 0:00:26]} Kg6 {[%emt 0:01:17]} 35. R7e6+ {[%emt 0:00:29]} Kf7 {[%emt 0:00:23]} 36. Re7+ {[%emt 0:00:15]} Kf6 {[%emt 0:00:33]} 37. R5e6+ {[%emt 0:00:43]} Kf5 {[%emt 0:00:06]} 38. Re5+ {[%emt 0:00:10]} Kf6 {[%emt 0:00:23]} 39. R5e6+ {[%emt 0:00:36]} Kf5 {[%emt 0:00:06]} 40. Re5+ {[%emt 0:00:00]} Kf6 {[%emt 0:00:00]} 1/2-1/2

[Event "47th GRE-chT 2019"]
[Site "Patra"]
[Date "2019.07.02"]
[Round "1.18"]
[White "Kazakos, Markos"]
[Black "Thomaidis, Panagiotis Georgios"]
[Result "1-0"]
[WhiteElo "2069"]
[BlackElo "1465"]
[Annotator "NA"]
[PlyCount "97"]
[EventDate "2019.07.02"]
[EventCountry "GRE"]
[SourceTitle "playchess.com"]
[Source "ChessBase"]
[SourceQuality "1"]
[TimeControl "5400+30"]

1. Nf3 {[%emt 0:00:00]} Nf6 {[%emt 0:00:57]} 2. g3 {[%emt 0:00:00]} b6 {[%emt 0:00:29]} 3. Bg2 {[%emt 0:00:02]} Bb7 {[%emt 0:00:45]} 4. d4 {[%emt 0:00:20]} e6 {[%emt 0:00:14]} 5. O-O {[%emt 0:03:24]} c5 {[%emt 0:01:45]} 6. c4 {[%emt 0:11:30]} Be7 {[%emt 0:02:04]} 7. Nc3 {[%emt 0:10:50]} d6 {[%emt 0:03:03]} 8. dxc5 {[%emt 0:07:29]} bxc5 {[%emt 0:08:47]} 9. Bf4 {[%emt 0:09:22]} Nh5 {[%emt 0:07:20]} 10. Be3 {[%emt 0:02:08]} O-O {[%emt 0:03:15]} 11. Qc2 {[%emt 0:04:07]} Nf6 {[%emt 0:03:57]} 12. Rfd1 {[%emt 0:08:17]} Qb6 {[%emt 0:25:28]} 13. h3 {[%emt 0:10:32]} Nc6 {[%emt 0:05:03]} 14. a3 {[%emt 0:09:57]} Na5 {[%emt 0:23:18]} 15. Nd2 {[%emt 0:06:17]} Bxg2 {[%emt 0:00:05]} 16. Kxg2 {[%emt 0:07:11]} Qc6+ {[%emt 0:00:52]} 17. Kg1 {[%emt 0:00:56]} d5 {[%emt 0:02:37]} 18. cxd5 {[%emt 0:00:07]} exd5 {[%emt 0:01:56]} 19. Bg5 {[%emt 0:01:39]} h6 {[%emt 0:00:05]} 20. Bxf6 {[%emt 0:00:08]} Bxf6 {[%emt 0:00:37]} 21. e4 {[%emt 0:03:46]} d4 {[%emt 0:00:08]} 22. Nd5 {[%emt 0:00:57]} Rfc8 {[%emt 0:05:55]} 23. b4 {[%emt 0:01:25]} cxb4 {[%emt 0:00:07]} 24. Qxc6 {[%emt 0:00:50]} Nxc6 {[%emt 0:00:06]} 25. axb4 {[%emt 0:00:27]} a5 {[%emt 0:00:21]} 26. Nb6 {[%emt 0:00:40]} Nxb4 {[%emt 0:00:12]} 27. Nxc8 {[%emt 0:00:06]} Rxc8 {[%emt 0:00:16]} 28. Rxa5 {[%emt 0:00:46]} Nc6 {[%emt 0:00:21]} 29. Rc5 {[%emt 0:00:18]} Ne7 {[%emt 0:00:11]} 30. Rxc8+ {[%emt 0:00:06]} Nxc8 {[%emt 0:00:14]} 31. Nf3 {[%emt 0:01:06]} Nb6 {[%emt 0:00:18]} 32. e5 {[%emt 0:00:24]} Be7 {[%emt 0:00:26]} 33. Nxd4 {[%emt 0:00:29]} Nc4 {[%emt 0:00:21]} 34. Nc6 {[%emt 0:00:48]} Ba3 {[%emt 0:00:25]} 35. h4 {[%emt 0:00:13]} Bb2 {[%emt 0:00:55]} 36. f4 {[%emt 0:00:16]} Ne3 {[%emt 0:00:48]} 37. Rd8+ {[%emt 0:00:08]} Kh7 {[%emt 0:00:13]} 38. h5 {[%emt 0:00:31]} Nf5 {[%emt 0:00:21]} 39. Kg2 {[%emt 0:00:12]} Ne3+ {[%emt 0:00:00]} 40. Kf3 {[%emt 0:00:00]} Nc4 {[%emt 0:00:00]} 41. Rd7 {[%emt 0:00:00]} Kg8 {[%emt 0:00:00]} 42. Rd8+ {[%emt 0:00:00]} Kh7 {[%emt 0:00:00]} 43. Rf8 {[%emt 0:00:00]} Nd2+ {[%emt 0:00:00]} 44. Kg2 {[%emt 0:00:00]} Ne4 {[%emt 0:00:00]} 45. Rxf7 {[%emt 0:00:00]} Ba3 {[%emt 0:00:00]} 46. Nd8 {[%emt 0:00:00]} Nc5 {[%emt 0:00:00]} 47. e6 {[%emt 0:00:00]} Ne4 {[%emt 0:00:00]} 48. Nc6 {[%emt 0:00:00]} Nf6 {[%emt 0:00:00]} 49. e7 {[%emt 0:00:00]} 1-0

[Event "47th GRE-chT 2019"]
[Site "Patra"]
[Date "2019.07.02"]
[Round "1.18"]
[White "Loutragotis, Paraskevas Pantelei"]
[Black "Bardis, Harilaos-Panagiotis"]
[Result "0-1"]
[WhiteElo "1864"]
[BlackElo "1897"]
[Annotator "NA"]
[PlyCount "38"]
[EventDate "2019.07.02"]
[EventCountry "GRE"]
[SourceTitle "playchess.com"]
[Source "ChessBase"]
[SourceQuality "1"]
[TimeControl "5400+30"]

1. e4 {[%emt 0:00:00]} e6 {[%emt 0:01:06]} 2. d4 {[%emt 0:00:33]} d5 {[%emt 0:00:06]} 3. Nc3 {[%emt 0:00:10]} Nf6 {[%emt 0:00:10]} 4. Bg5 {[%emt 0:00:27]} Bb4 {[%emt 0:00:39]} 5. e5 {[%emt 0:00:51]} h6 {[%emt 0:00:05]} 6. Bd2 {[%emt 0:00:03]} Bxc3 {[%emt 0:00:07]} 7. Bxc3 {[%emt 0:01:26]} Ne4 {[%emt 0:00:07]} 8. Bb4 {[%emt 0:00:23]} c5 {[%emt 0:00:19]} 9. dxc5 {[%emt 0:00:22]} Nxf2 {[%emt 0:00:06]} 10. Qd2 {[%emt 0:05:54]} Nxh1 {[%emt 0:00:27]} 11. Nf3 {[%emt 0:00:23]} g5 {[%emt 0:01:07]} 12. Nd4 {[%emt 0:08:01]} g4 {[%emt 0:04:04]} 13. Nb5 {[%emt 0:01:35]} Nc6 {[%emt 0:10:05]} 14. Nd6+ {[%emt 0:02:54]} Kf8 {[%emt 0:00:04]} 15. Qf4 {[%emt 0:04:11]} Rh7 {[%emt 0:00:14]} 16. Bd3 {[%emt 0:01:24]} Rg7 {[%emt 0:00:23]} 17. Bd2 {[%emt 0:02:16]} Qg5 {[%emt 0:07:20]} 18. O-O-O {[%emt 0:02:47]} Qxf4 {[%emt 0:00:39]} 19. Bxf4 {[%emt 0:00:05]} Nf2 {[%emt 0:00:04]} 0-1